Islamské bankovníctvo diplomová práca

Na minha lista:
Detalhes bibliográficos
Autor principal: Bakičová, Eva
Autor Corporativo: Fakulta medzinárodných vzťahov EU. Katedra medzinárodných ekonomických vzťahov a hospodárskej diplomacie
Outros Autores: Jančíková, Eva, 1960-
Formato: Livro
Idioma:eslovaco
Publicado em: Bratislava 2013
Tags: Adicionar Tag
Sem tags, seja o primeiro a adicionar uma tag!

MARC

LEADER 00000nbm a2200000 4500
001 0170652
005 20161109102401.1
041 0 |a slo 
044 |a SK 
245 1 0 |a Islamské bankovníctvo  |b diplomová práca  |c Eva Bakičová ; školiteľ: Eva Jančíková 
264 1 |a Bratislava  |c 2013 
300 |a 72 s. 
100 1 |a Bakičová, Eva 
700 1 |a Jančíková, Eva, 1960- 
710 2 |a Fakulta medzinárodných vzťahov EU. Katedra medzinárodných ekonomických vzťahov a hospodárskej diplomacie